00318nam a2200121Ia 4500008004100000041000800041082001200049100001700061245003000078260004500108300003200153365001100185240624s9999 xx 000 0 und d aeng a823 SEG aGARG MRIDULA aANITYA HALFWAY TO NOWHERE c2010aNew DelhibOxford University press axxiv, : 259 : p. : cm. ; 22 cRSb32